| 000 | 00534cam a2200205ua 4500 | ||
|---|---|---|---|
| 020 |
_a81 7224 174 7 _c1200.00 |
||
| 041 |
_aeng _h |
||
| 082 |
_a620.106 _bROB/EN |
||
| 100 | _aRoberson, John A . | ||
| 245 |
_aEngineering fluid mechanics / _cJohn A Roberson. _hTextual Documents |
||
| 260 |
_aMumbai : _bJaico Publishing House , _c1993. |
||
| 300 | _a785 ; . | ||
| 365 | _a1200.00 | ||
| 500 | _a*CSS | ||
| 504 | _a | ||
| 700 | 1 | _aCrowe, Clayton T. | |
| 942 | _cBK | ||
| 999 |
_c10951 _d10951 |
||